El Cisne Rojo

Sábháilte in:
Sonraí bibleagrafaíochta
Príomhchruthaitheoir: Matus Romo, Eugenio (autor)
Formáid: LEABHAR
Teanga:Spáinnis
Foilsithe / Cruthaithe: Santiago Andrés Bello 1996
Eagrán:1a. ed
Ábhair:
Clibeanna: Cuir clib leis
Níl clibeanna ann, Bí ar an gcéad duine le clib a chur leis an taifead seo!

MARC

LEADER 00000nam a2200000 a 4500
001 UCH8537
003 CL-VaPUC
008 091127e19960200CL |||||||||||||||||spa|d
020 |a 9561313782 
082 0 4 |a Ch863  |b MAT  |2 21 
100 |a Matus Romo, Eugenio  |e autor  |9 545125 
245 1 3 |a El Cisne Rojo 
250 |a 1a. ed 
300 |a 239 p 
942 |c BK 
945 |d 20091127 00:00:00  |a lazolas 
260 |a Santiago  |b Andrés Bello  |c 1996 
500 |a Incluye guía de ejercicios para el lector 
650 0 |a Literatura chilena   |9 308278 
650 0 |a Novelas chilenas   |9 265425 
583 |a last modification  |c 20091127 00:00:00  |k Rodrigo Vera 
999 |c 338748  |d 338746